Fundamentals of Financial Management 14th Edition (Record no. 20312)
[ view plain ]
| 000 -LEADER | |
|---|---|
| fixed length control field | 00373nam a22001337a 4500 |
| 008 - FIXED-LENGTH DATA ELEMENTS--GENERAL INFORMATION | |
| fixed length control field | 231030b |||||||| |||| 00| 0 eng d |
| 020 ## - INTERNATIONAL STANDARD BOOK NUMBER | |
| ISBN | 978-93-90555-67-3 |
| 100 ## - MAIN ENTRY--AUTHOR NAME | |
| Personal name | E. F. Brigham & J. F. Houston |
| 245 ## - TITLE STATEMENT | |
| Title | Fundamentals of Financial Management 14th Edition |
| 250 ## - EDITION STATEMENT | |
| Edition statement | 14th Edition |
| 260 ## - PUBLICATION, DISTRIBUTION, ETC. (IMPRINT) | |
| Place of publication | Delhi |
| Name of publisher | Cengage Learning |
| Year of publication | 2023 |
| 300 ## - PHYSICAL DESCRIPTION | |
| Number of Pages | 743 |
| 942 ## - ADDED ENTRY ELEMENTS (KOHA) | |
| Source of classification or shelving scheme | Dewey Decimal Classification |
| Koha item type | Books |
| Accession Number | Bill Date | Source of acquisition | Price effective from | Koha item type | Withdrawn / writtenoff status | Damaged status | Not for loan | Permanent Location | Current Location | Shelving location | Date acquired | Lost/ Missing status | department |
|---|---|---|---|---|---|---|---|---|---|---|---|---|---|
| MBA 5126 | 20-10-2023 | aMAZON | 10/30/2023 | Books | Not For Loan | MIET Library, Jammu | MIET Library, Jammu | 66/3 | 10/30/2023 | MBA |